00909cam a2200253 a 450000100090000000300050000900500170001400800410003101000170007202000150008902000210010404000180012505000220014308200120016510000200017724500760019725000120027326000650028530000330035050400660038365000270044985600890047685600900056512081629Nust20180117090024.0000626s2000 enka b 001 0 eng  a 00269155  a0761967486 a0761967494 (pbk) aDLCcDLCdDLC00aJF1351b.L37 200000a3512211 aLane, Jan-Erik.14aThe public sector :bconcepts, models, and approaches /cJan-Erik Lane. a3rd ed. aLondon ;aThousand Oaks, Calif. :bSage Publications,c2000. aix, 357 p. :bill. ;c24 cm. aIncludes bibliographical references (p. [330]-347) and index. 0aPublic administration.423Publisher descriptionuhttp://www.loc.gov/catdir/enhancements/fy0657/00269155-d.html413Table of contents onlyuhttp://www.loc.gov/catdir/enhancements/fy0657/00269155-t.html